000 00589nam a22001817a 4500
005 20251108164805.0
008 250721s1986 xx 000 0 ara d
082 1 4 _a370.956/اسح
100 1 _aفرحان، إسحق أحمد
245 1 0 _aأزمة التربية في الوطن العربي من منظور إسلامي /
264 1 _aعمان :
_bدار الفرقان للنشر والتوزيع،
_c1986.
300 _a72ص
650 1 7 _aالتربية
650 1 7 _aالبلدان العربية
650 1 7 _aتاريخ التربية
942 _2ddc
_cBK
999 _c14438
_d14438